Korupcia ako ekonomický fenomén

Prehľad definícií korupcie. Vývoj chápania korupcie. Klasifikácia korupcie. Lobing, korupcia a klientelizmus. Korupcia, koncept Principal-agent a asymetria informácií. Štát a jeho funkcie v kontexte korupčného prostredia. Politické strany, spoločenské elity, súkromný sektor a korupcia. Transp...

Ausführliche Beschreibung

Gespeichert in:
Bibliographische Detailangaben
1. Verfasser: Pardupa, Martin
Weitere Verfasser: Vašíček, Bořek
Format: Buchkapitel
Sprache:Slowakisch
Schlagworte:
Tags: Tag hinzufügen
Keine Tags, Fügen Sie das erste Tag hinzu!

MARC

LEADER 00000naa$a2200000$$$4500
001 0001951
005 20231003120320.9
041 0 |a slo 
044 |a CZ 
245 1 0 |a Korupcia ako ekonomický fenomén  |c Martin Pardupa, Bořek Vašíček 
520 |a Prehľad definícií korupcie. Vývoj chápania korupcie. Klasifikácia korupcie. Lobing, korupcia a klientelizmus. Korupcia, koncept Principal-agent a asymetria informácií. Štát a jeho funkcie v kontexte korupčného prostredia. Politické strany, spoločenské elity, súkromný sektor a korupcia. Transparency international a index vnímania korupcie. Korupcia a empirické dáta. 
610 2 0 |a korupcia 
610 2 0 |a lobizmus 
610 2 0 |a činnosť trestná 
610 2 0 |a štát 
610 2 0 |a strany politické 
610 2 0 |a podnikatelia 
610 2 0 |a etika 
100 1 |a Pardupa, Martin 
700 1 |a Vašíček, Bořek